00686nam a2200217 i 4500001000700000003000900007005001700016008004100033017001800074020002200092080002100114100003200135245007000167250001200237300002200249490004200271546005200313700004100365830003900406852002300445169308ES-MaACL20250921063037.0080829s2007 sp |||| | spa d aM-48.449-2007 a978-84-7522-694-1 a821.133.1-14"19"1 aVerlaine, Paul, d1844-189610aPoesía / cPaul Verlaine ; edición de Jacinto Luis Guereña. a6ª ed. a284 p. ; c20 cm.1 aColección Visor de poesía ; v176 aTexto en francés y traducción en español.0 aGuereña, Jacinto Luis, d1915-20070 aColección Visor de poesíav1764 aES-MaACLjL-29664